000 00396nam a2200157Ia 4500
008 221030s9999 xx 000 0 und d
020 _a8170299713
041 _aEnglish
082 _a105.23
_bKan
100 _aY. Kanetkar
245 0 _aVisual C++ Programming ( DEPARTMENTAL )
_cby Y. Kanetkar
260 _bBPB Pub
_aNew Delhi
_c2006
300 _a654
650 _aCSE Departmental
942 _cBK
999 _c13
_d13